书目信息 |
| 题名: |
马列著作选读
|
|
| 作者: | ;马列著作选读·哲学编辑组 编 | |
| 分册: | 哲学 | |
| 出版信息: | 北京 人民出版社 1988.12 |
|
| 页数: | 560页 | |
| 开本: | 20cm | |
| 丛书名: | ||
| 单 册: | ||
| 中图分类: | A5 , A16 | |
| 科图分类: | ||
| 主题词: | 马列著作--选集 , 马克思主义哲学-马列著作--选集 , 马恩著作--专题汇编 | |
| 电子资源: | ||
| ISBN: | 7-01-000631-8 | |
| 000 | 00876nam0 2200265 45 | |
| 001 | 1264011796 | |
| 005 | 20120928163110.90 | |
| 010 | @a7-01-000631-8@dCNY6.00 | |
| 100 | @a19920327d1988 em y0chiy0121 ea | |
| 101 | 0 | @achi |
| 102 | @aCN@b110000 | |
| 105 | @ay z 000yy | |
| 200 | 10 | @a马列著作选读@AMA LIE ZHU ZUO XUAN DU@i哲学@IZHE XUE@f《马列著作选读·哲学》编辑组编@F《 MA LIE ZHU ZUO XUAN DU · ZHE XUE 》 BIAN JI ZU BIAN |
| 210 | @a北京@c人民出版社@d1988.12@h1991.5重印 | |
| 215 | @a560页@d20cm | |
| 300 | @a书名页无编者 | |
| 540 | 1 | @a马列 哲学@AMA LIE ZHE XUE |
| 606 | 0 | @a马列著作@x选集 |
| 606 | 0 | @a马克思主义哲学-马列著作@x选集 |
| 606 | 0 | @a马恩著作@x专题汇编 |
| 690 | @aA5@v3 | |
| 690 | @aA16@v4 | |
| 711 | A2 | @a马列著作选读·哲学编辑组@AMA LIE ZHU ZUO XUAN DU · ZHE XUE BIAN JI ZU@4编 |
| 801 | 0 | @aCN@bTSSF@c19920327 |
| 905 | @a10447@dA16@eJY11 | |
| 马列著作选读.哲学/《马列著作选读·哲学》编辑组编.-北京:人民出版社,1988.12(1991.5重印) |
| 560页;20cm |
| 书名页无编者 |
| ISBN 7-01-000631-8:CNY6.00 |
| ● |
| 相关链接 |
|
|
|
|
正题名:马列著作选读
索取号:A16/JY11
 
预约/预借
| 序号 | 登录号 | 条形码 | 馆藏地/架位号 | 状态 | 备注 |
| 1 | 7800171 | 278001715 | 学院路分馆/ [索取号:A16/JY11] | 在馆 |